| 000 | 00903nam a2200253 a 4500 | ||
|---|---|---|---|
| 001 | 13147 | ||
| 003 | BD-JhCC | ||
| 005 | 20230712110902.0 | ||
| 008 | 221102s20182019bg a|||| ||a| 000 0 ben d | ||
| 020 | _a9789844290617 | ||
| 035 | _a(BD-JhCC)13147 | ||
| 040 |
_aBD-JhCC _dBD-JhCC |
||
| 041 | _abengali | ||
| 082 |
_a923 _bPER 2019 |
||
| 100 | _aপেয়ার, ক্যাথরিন ওয়েনস | ||
| 245 |
_aঅ্যালবার্ট আইনস্টাইন / _cক্যাথরিন ওয়েনস পেয়ার, সম্পা: হাসান মেহেদী। |
||
| 260 |
_aঢাকা : _bবাংলা প্রকাশ; _c২০১৯. |
||
| 300 |
_a১৯১ পৃ. : _c২১ সেমি.. |
||
| 600 | _aEinstein, Albert | ||
| 651 | _aBiography. | ||
| 700 | _a মেহেদী, হাসান | ||
| 942 |
_2ddc _cBK |
||
| 999 |
_c13147 _d13147 |
||